The badgers go camping (Record no. 614885)

000 -LEADER
fixed length control field 00309nam a22001337a 4500
020 ## - INTERNATIONAL STANDARD BOOK NUMBER
International Standard Book Number 9780673628794
082 ## - DEWEY DECIMAL CLASSIFICATION NUMBER
Classification number 823
Author Mark WIL
100 ## - MAIN ENTRY--PERSONAL NAME
Personal name Willett,Andrew
245 ## - TITLE STATEMENT
Title The badgers go camping
260 ## - PUBLICATION, DISTRIBUTION, ETC.
Place of publication, distribution, etc. Newyork:
Name of publisher, distributor, etc. Scott Foresman Publishers,
300 ## - PHYSICAL DESCRIPTION
Extent 16p. ;
563 ## - BINDING INFORMATION
Binding note PB
942 ## - ADDED ENTRY ELEMENTS (KOHA)
Source of classification or shelving scheme
Koha item type Book
Holdings
Withdrawn status Lost status Source of classification or shelving scheme Damaged status Not for loan Permanent Location Current Location Shelving location Date acquired Source of acquisition Full call number Barcode Date last seen Price effective from Koha item type
          Central Library (CL) Central Library (CL) Children Section 09/25/2025 Donated by Children - Summer Camp, 2025. 823 WIL CL-CS-29 09/26/2025 09/25/2025 Children Section
© 2023 Central Library, National University of Sciences and Technology. All Rights Reserved.